| 000 | 00440nam a2200181Ia 4500 | ||
|---|---|---|---|
| 999 |
_c90849 _d90849 |
||
| 003 | 0100 | ||
| 005 | 20180302154820.0 | ||
| 008 | 130307s9999 xx 000 0 und d | ||
| 040 | _cARRUPELIB | ||
| 050 | _aDT930.C92 1902 | ||
| 100 |
_aCreswicke, Louis _96788 |
||
| 245 | _aSouth Africa and the Transvaal war / | ||
| 260 |
_aCape town _bD. E. M'Connell and Co. _c1902 |
||
| 300 | _a206p | ||
| 650 |
_aSouth Africa Republic _xHistory _940213 |
||
| 650 |
_aSouth African war, 1899-1902 _940214 |
||
| 942 |
_2lcc _cMONOGRAPH |
||